| 000 | 02110nam0a2200433 4500 | ||
|---|---|---|---|
| 001 | RU\NLR\bibl\294991 | ||
| 005 | 20260407065419.0 | ||
| 010 |
_a5-7556-0195-X _91000 |
||
| 021 |
_aRU _b2002-18956 _9953 |
||
| 035 | _a(NLR Aleph) 000290311 | ||
| 090 |
_a1699754 _c1699754 |
||
| 100 | _a20020806d2002 |||y0rusy50 ca | ||
| 101 | 0 | _arus | |
| 102 | _aRU | ||
| 105 | _ay ||||||||| | ||
| 200 | 1 |
_aСНГ: дорога в третье тысячелетие _eПробл. развития и перспективы укрепления Содружества _f[Зиядуллаев Н. С. _gПредисл. А. Д. Некипелова]; Межрегион. обществ. орг. содействия демократ. реформам "Мобилизация и развитие" |
|
| 210 |
_aМ. _cИСПИ _d2002 |
||
| 215 |
_a206,[3] с. _d21 |
||
| 300 | _aАвт. указан на обороте тит. л. | ||
| 320 | _aБиблиогр. в подстроч. примеч. | ||
| 607 |
_aСтраны СНГ _xНародное хозяйство _92078575 _3RU\NLR\auth\661254437 |
||
| 607 |
_aСтраны СНГ _xНародное хозяйство _xПрогнозирование _92256705 _3RU\NLR\auth\661353343 |
||
| 610 | 0 | _aЭкономические связи стран СНГ | |
| 610 | 0 | _aНациональная безопасность | |
| 610 | 0 | _aМеждународные отношения | |
| 675 |
_a339.922:061.1СНГ _v3 _zrus |
||
| 686 |
_a06.51 _2rugasnti |
||
| 686 |
_a65.5 _2rubbk |
||
| 686 | _aУ03(2)74 | ||
| 686 | _aУ23(2)038 | ||
| 700 | 1 |
_aЗиядуллаев _bН. С. _gНаби Саидкаримович _4070 |
|
| 712 | 0 | 2 |
_4570 _a"Мобилизация и развитие", региональная общественная организация содействия демократическим реформам _cРФ _3RU\NLR\AUTH\8810032873 _9564293 |
| 801 | 0 |
_aRU _bRKP _c20020806 _gPSBO |
|
| 801 | 1 |
_aRU _bRKP _c20020806 |
|
| 801 | 2 |
_aRU _bNLR _c20130315 _grcr |
|
| 830 | _aАвт. по кн. | ||
| 942 | _cBOOK | ||
| 980 | _aNB | ||